000 00783nas a2200277 4500
001 BR5900093
003 BR-BrBNA
005 20231205082020.0
007 ta
008 230509b bl.|||p| |||| 00| 00por d
040 _aBR-BrBNA
_bpor
_cBiblioteca Nacional de Agricultura
041 _a(Pt)
072 _aE15
100 1 _aLuz Filho, F.
245 1 _aCredito as cooperativas brasileiras [Capital; Financiamento]
650 _aMicroeconomia
650 _aCapital
650 _aCooperativa
650 _aCredito agricola
650 _aCredito cooperativo
650 _aFinanciamento
650 _aJuro
773 0 _tSul - Coop. Cooperativismo (Brazil)
_x
_g(Mar 1959), v. 10(55) p. 6-7, 20
_wBR5900093
909 _a202311
_bLúcia
_c55
_dLúcia Elande
942 _2AGRIS
_n0
_cANA
999 _c88563
_d88563